| 000 | 00577nam a22002177a 4500 | ||
|---|---|---|---|
| 999 |
_c7772 _d7772 |
||
| 001 | 7772 | ||
| 003 | BD-JhCC | ||
| 005 | 20180222130445.0 | ||
| 008 | 180213s2000 bg |||| |||| 000 0 eng d | ||
| 035 | _a(BD-JhCC) | ||
| 040 |
_aBD-JhCC _dBD-JhCC |
||
| 041 | _aeng | ||
| 082 |
_a913 _bMUS 2000 |
||
| 100 | _aMusa, Md. Abu | ||
| 245 |
_aArchaeological Survey Report Munshiganj District / _cMd. Abu Musa |
||
| 260 |
_aDhaka: _bBangladesh Govt. Press, _c2000 |
||
| 300 |
_a91 p;, _c24 cm |
||
| 650 |
_aHistory, Munshigonj _zBangladesh |
||
| 650 | _aArchaeology | ||
| 942 |
_2ddc _cBK |
||